000 00499nam a22001937a 4500
003 NUST - PNEC
005 20170116180820.0
008 150617b xxu||||| |||| 00| 0 eng d
020 _a-
040 _cLIBRARY
082 _a510 COO
100 _94076
_aCooke, Nelson M.
245 _aBasic mathematic for electronics
_cNelson M. Cooke
250 _a3rd ed
260 _aNew York
_bMcGraw-Hill Book Company
_cc1960.
300 _a677 p. :
650 _94084
_aMathematics
_xME
942 _2ddc
_cBK
999 _c63717
_d63717